| 000 | 00480nam a22001937a 4500 | ||
|---|---|---|---|
| 003 | CEME | ||
| 005 | 20210628202923.0 | ||
| 008 | 210126b xxu||||| |||| 00| 0 eng d | ||
| 020 | _a0-12-088509-3 | ||
| 040 | _c. | ||
| 082 | _a621.882 CUP | ||
| 100 |
_aCupillari, Antonella _962309 |
||
| 245 | _aThe nuts and bolts of proofs | ||
| 250 | _a3RD | ||
| 260 |
_aNEW YORK _bELSEVIER _c2005 |
||
| 300 | _aXII,179 P | ||
| 650 |
_aNUTS AND BOLTS OF PROOFS _962310 |
||
| 942 |
_cBK _2ddc |
||
| 999 |
_c571454 _d571454 |
||